Partizipation, Demokratisierung, Mitbestimmung : Problemstellung und Literatur in Politik, Wirtschaft, Bildung und Wissenschaft : eine Einfuhrung /

Bibliographic Details
Corporate Author: Studiengruppe Partizipationsforschung
Other Authors: Alemann, Ulrich von, 1944-
Format: Book
Language:German
Published: Opladen : Westdeutscher Verlag, 1978
Edition:2. Aufl.
Series:Studienbücher zur Sozialwissenschaft ; Bd. 19.
Subjects:

MARC

Tag First Indicator Second Indicator Subfields
LEADER 00000cam a2200000 a 4500
001 in00000523721
005 20151013091721.0
008 790820c19781975gw a b 00100 ger d
035 |a (OCoLC)05291989 
035 |9 ACF9403AM 
040 |a IBS  |c IBS  |d TXA  |d UtOrBLW 
049 |a TXAM  |c [273082] 
090 |a JF2049  |b .P3 1978 
245 0 0 |a Partizipation, Demokratisierung, Mitbestimmung :  |b Problemstellung und Literatur in Politik, Wirtschaft, Bildung und Wissenschaft : eine Einfuhrung /  |c herausgegeben fur die Studiengruppe Partizipationsforschung, Bonn von Ulrich von Alemann [and others]. 
250 |a 2. Aufl.  |b (mit e. Literaturnachtrag). 
264 1 |a Opladen :  |b Westdeutscher Verlag,  |c 1978 
264 4 |c ©1975 
300 |a 395 pages :  |b illustrations ;  |c 19 cm. 
336 |a text  |b txt  |2 rdacontent 
337 |a unmediated  |b n  |2 rdamedia 
338 |a volume  |b nc  |2 rdacarrier 
490 1 |a Studienbucher zur Sozialwissenschaft ;  |v Bd. 19 
500 |a Includes indexes. 
504 |a Bibliography: pages 309-369. 
650 0 |a Political participation. 
650 0 |a Social participation. 
650 0 |a Management  |x Employee participation. 
650 0 |a Citizens' advisory committees in education. 
700 1 |a Alemann, Ulrich von,  |d 1944- 
710 2 |a Studiengruppe Partizipationsforschung. 
830 0 |a Studienbücher zur Sozialwissenschaft ;  |v Bd. 19. 
999 |a MARS 
999 f f |s 9ef00129-5a67-39a7-bb8e-42fd24c7000d  |i 0bed4595-7276-35ff-8a91-b52be5b9edb9  |t 0 
952 f f |p ric  |a Texas A&M University  |b Rellis Campus  |c Joint Library Facility  |d Remote Storage  |t 0  |e JF2049 .P3 1978  |h Library of Congress classification  |i unmediated -- volume  |m A14808045205 
998 f f |a JF2049 .P3 1978  |t 0  |l Remote Storage